| 000 | 00585nam a2200181Ia 4500 | ||
|---|---|---|---|
| 008 | 090123s9999 xx 000 0 und d | ||
| 082 | _b16700 | ||
| 100 | _aरामरेडि्ड अनुसया | ||
| 245 | _aबेळगिन बऴ्ऴी | ||
| 250 | _a1 | ||
| 260 | _bहेमंत साहित्य | ||
| 300 | _a166 | ||
| 600 | _aरामरेडि्ड अनुसया | ||
| 630 | _aबेळगिन बऴ्ऴी | ||
| 700 | _aरामरेडि्ड अनुसया | ||
| 730 | _aबेळगिन बऴ्ऴी | ||
| 942 | _cBOOK | ||
| 999 |
_c54764 _d54764 |
||